000 00552nam a2200205Ia 4500
005 20230318094727.0
008 131103s9999 xx 000 0 und d
040 _aLoreto College
041 _aEnglish
082 _a891.44
_bSEN
100 _aSen, Sukumar
245 _aBaishnabiya nibondha
_cSukumar Sen
260 _aCalcutta
_bRupa
_c1970
300 _a314p
504 _aIncludes index
650 _aBengali Literature - History and Criticism
651 _aBaishnabiya Literature - History and Criticism
850 _aLCLIB
942 _cBK
999 _c20477
_d70956